000 00564nam a2200217Ia 4500
003 GCL
008 140319s9999 xx 000 0 eng d
040 _aGCL /
_cGCL
082 0 4 _a823
_bA P
100 1 _aARCHER, FEFFREY.
245 1 0 _aTHE PRODIGAL DAUGHTER /
_cARCHER, FEFFREY.
260 _a[S.N] :
_bHARPER COLLINS COLLEGE PUBLISBERS ،
_c1993
300 _a464 P.
650 0 4 _aENGLISH LITERATURE
650 0 4 _aLITERATURE
650 0 4 _aENGLISH FICTION
650 0 4 _aNOVELS
650 0 4 _aFICTION
650 0 4 _aLOVE STORIES, NOVELS
942 _2ddc
_cBK
999 _c13060
_d13060